| 000 | 00453nam a22001697a 4500 | ||
|---|---|---|---|
| 003 | NUST - PNEC | ||
| 005 | 20170116180959.0 | ||
| 008 | 150906b xxu||||| |||| 00| 0 eng d | ||
| 020 | _a0201145448 | ||
| 040 | _cLIBRARY | ||
| 082 | _a621.3813 SAN | ||
| 100 |
_98594 _aSander, K. F. (Kenneth Frederick) |
||
| 245 |
_aMicrowave components and systems _cK. F. Sander |
||
| 260 | _cc.1987 | ||
| 650 |
_99412 _aMicrowave components _xEE |
||
| 942 |
_2ddc _cBK |
||
| 999 |
_c66637 _d66637 |
||